000
00307nam a2200121Ia 4500
100
_a
#N/A
650
_a
Mangement
942
_c
BK
654
_a
CAREER WINNING STRATEGIES
245
_a
Ace your Career winning strategies for group discussion & personal Interview
260
_b
#N/A
_c
2008
546
_a
ENGLISH
999
_c
32300
_d
32300